Local people lead on regional planning (Record no. 64998)

MARC details
000 -LEADER
fixed length control field 00942cam a2200205 4500
001 - CONTROL NUMBER
control field WB3641-21
008 - FIXED-LENGTH DATA ELEMENTS--GENERAL INFORMATION
fixed length control field 000000n2000 000 0 eng u
035 ## - SYSTEM CONTROL NUMBER
System control number (Sirsi) u108877
245 ## - TITLE STATEMENT
Title Local people lead on regional planning
260 ## - PUBLICATION, DISTRIBUTION, ETC.
Date of publication, distribution, etc. 2000
490 ## - SERIES STATEMENT
Series statement DETR Press Release
Volume/sequential designation (651) 17 October 2000 (3)
520 ## - SUMMARY, ETC.
Summary, etc. The new PPG11 "Regional Planning" confirms that local authorities working with other stakeholders in their communities will, in the future, take the lead in preparing integrated regional planning and transport strategies. The full text of PPG11 and guidance on sustainability appraisals are available on DETR planning website at http://www.planning.detr.gov.uk.
590 ## - LOCAL NOTE (RLIN)
Local note WB
650 ## - SUBJECT ADDED ENTRY--TOPICAL TERM
Topical term or geographic name entry element PPG11
650 ## - SUBJECT ADDED ENTRY--TOPICAL TERM
Topical term or geographic name entry element PLANNING POLICY GUIDANCE NOTE 11
650 ## - SUBJECT ADDED ENTRY--TOPICAL TERM
Topical term or geographic name entry element REGIONAL PLANNING
650 ## - SUBJECT ADDED ENTRY--TOPICAL TERM
Topical term or geographic name entry element REGIONAL TRANSPORT STRATEGIES
690 ## - LOCAL SUBJECT ADDED ENTRY--TOPICAL TERM (OCLC, RLIN)
Topical term or geographic name as entry element ENVIRONMENTAL AND LAND CONSULTANCY-PLANNING AND DEVELOPMENT
942 ## - ADDED ENTRY ELEMENTS (KOHA)
Suppress in OPAC 0
Holdings
Withdrawn status Lost status Source of classification or shelving scheme Damaged status Not for loan Home library Current library Shelving location Date acquired Total Checkouts Full call number Barcode Date last seen Copy number Price effective from Koha item type
    Dewey Decimal Classification     London London News article 27/02/2001   WB3641-21 108877-1001 06/08/2019 1 06/08/2019 News article